|
|
|
|
| LEADER |
00000ny a22000003n 4500 |
| 003 |
EbpS |
| 005 |
20110511104534.0 |
| 006 |
m d |||||| |
| 007 |
cr anunnnuuuaa |
| 008 |
060206s us 000 eng d |
| 022 |
|
|
|a 0039-9957
|
| 035 |
|
|
|a 2860
|
| 040 |
|
|
|d vLex
|
| 050 |
0 |
0 |
|a K24
|b .A84
|
| 050 |
0 |
0 |
|a K24
|b .A84
|
| 090 |
|
|
|c 1616
|d 1616
|
| 245 |
0 |
4 |
|a The Tax adviser
|h [Recurso electrn̤ico]
|
| 256 |
|
|
|a Servicio en ln̕ea
|
| 260 |
|
|
|a New York :
|b American Institute of Certified Public Accountants
|
| 500 |
|
|
|a A publication of the American Institute of Certified Public Accountants
|
| 506 |
1 |
|
|a Contenido solo disponible en los productos indicados
|d vLex Global
|d vLex Global (Academic Edition, excluding Law Schools)
|d vLex Global (Academic Edition, Law Schools)
|
| 650 |
0 |
4 |
|a Derecho fiscal
|z Estados Unidos
|x Publicaciones perid̤icas
|
| 650 |
0 |
4 |
|a Banking
|
| 650 |
0 |
4 |
|a finance and accounting industries
|
| 650 |
0 |
4 |
|a Business
|
| 650 |
0 |
4 |
|a Taxes
|
| 650 |
0 |
4 |
|a Business Services
|
| 650 |
0 |
4 |
|a Financial Services & Banking
|
| 710 |
2 |
|
|a American Institute of Certified Public Accountants
|
| 740 |
0 |
|
|a vLex Revista (Servicios en ln̕ea)
|
| 843 |
|
|
|a Electrn̤ica. Abierta
|
| 853 |
|
|
|8 1
|i (year)
|j (month)
|k (day)
|
| 856 |
4 |
0 |
|u http://vlex.com/source/2860
|z Acceso restringido
|
| 942 |
|
|
|c REV
|
| 999 |
|
|
|a Trade Publication
|
| 999 |
|
|
|a Taxation
|z United States
|v Periodicals
|